Szene ; ein Bildwerk über die Wiener Staatsoper und das Burgtheater.

Bibliographic Details
Main Author: Lessing, Erich
Format: Book
Language:German
Published: [Wien] : Österreichische Staatsdruckerei, [1955]
Subjects:

MARC

Tag First Indicator Second Indicator Subfields
LEADER 00000cam a2200000I 4500
001 in00002052721
005 20151101182147.0
008 760608s1955 au a 000 0 ger d
035 |a (OCoLC)ocm02216800 
040 |a BNG  |c BNG  |d TXA  |d UtOrBLW 
049 |a TXAM 
090 |a ML1723.8.V62  |b O75 1955 
100 1 |a Lessing, Erich. 
245 1 0 |a Szene ;  |b ein Bildwerk über die Wiener Staatsoper und das Burgtheater. 
264 1 |a [Wien] :  |b Österreichische Staatsdruckerei,  |c [1955] 
300 |a 1 volume (unpaged) :  |b illustrations (part color) ;  |c 31 cm. 
336 |a text  |b txt  |2 rdacontent 
337 |a unmediated  |b n  |2 rdamedia 
338 |a volume  |b nc  |2 rdacarrier 
500 |a German, English, and French. 
536 |a From the Howard Mayer Brown, Edward Downes and Mary Schieffelin book collections, October 2004. 
610 2 0 |a Hof-Operntheater (Vienna, Austria) 
610 2 0 |a Burgtheater (Vienna, Austria) 
948 |a cataloged  |b h  |c 2005/6/9  |d c  |e jgreene  |f 2:26:47 pm 
994 |a C0  |b TXA 
999 |a MARS 
999 f f |s e4e54a4a-2fca-3030-a963-f2fdc1423313  |i 54488833-c2b5-3bf4-8932-52661a3d9011  |t 0 
952 f f |p ric  |a Texas A&M University  |b Rellis Campus  |c Joint Library Facility  |d Remote Storage  |t 0  |e ML1723.8.V62 O75 1955  |h Library of Congress classification  |i unmediated -- volume  |m A14833633740 
998 f f |a ML1723.8.V62 O75 1955  |t 0  |l Remote Storage